000 00330nam a2200133Ia 4500
005 20251222141953.0
008 251222s9999||||xx |||||||||||||| ||spa||
020 _a9972-853-04-7
082 _a231.2/I59
245 0 _aDios Padre Creador
250 _a5a.ed.
264 _bInstituto de Teología Pastoral Fray Martín
942 _cLIB
999 _c9766
_d9766